00263nam a2200109Ia 4500008004100000082001100041082000800052245005800060245001300118260001300131300000900144231017s9999 xx 000 0 und d a625.85 bBEN 0aUse of fly ash for reconstruction of bituminous roads 0cResearch bResearch c30cm